Word Ladder: Ron Swanson Actor Quiz Stats

Quiz Updated May 30, 2016

Challenge
Share
Tweet
Embed
Score 0/20 Timer 02:00
4 Plays Today
Clue 3-Letter Word % Correct
• 'National Treasure' star Cage, for short •~NIC~
95.6%
• Not on •~OFF~
93.4%
Fun paper game: [Rung 2] [Rung 3] ToeTIC
93.4%
Fun paper game: [Rung 2] [Rung 3] ToeTAC
93.3%
Jim's wife, on 'The Office'PAM
90.5%
Sweet potato relativeYAM
89.1%
Average on a golf coursePAR
89%
Classic arcade game [Rung 4]-[Rung 20]PAC
88.9%
Where acorns come fromOAK
88.9%
A clumsy personOAF
87.9%
Clue 3-Letter Word % Correct
FrequentlyOFT
87.3%
A long haired domesticated oxYAK
87.2%
One of 6 in a baseball inningOUT
85.2%
• Classic arcade game [Rung 4]-[Rung 20] •~MAN~
84.5%
To disfigureMAR
83.3%
A sewn edgeHEM
82.3%
A crude shelterHUT
80.4%
To emulate the sound of a beeHUM
80.4%
Each or a popPER
78%
• 2013 Joaquin Phoenix movie •~HER~
78%

Today's Daily Dose

Word Ladder
'90s Movies

Quick Pick
'Fire' Movies

On This Day
June 19th II

You're not logged in!

Compare scores with friends on all Sporcle quizzes.
Join for Free
OR
Log In

You Might Also Like...

Show Comments

Extras

Top Quizzes Today


Score Distribution

Your Account Isn't Verified!

In order to create a playlist on Sporcle, you need to verify the email address you used during registration. Go to your Sporcle Settings to finish the process.

Report this User

Report this user for behavior that violates our Community Guidelines.

Details: